000 00712nam a2200229Ia 4500
005 20260601193230.0
008 260601s9999||||xx |||||||||||||| ||und||
020 _a978-3-031-53969-5
_qebk
100 _aGiuseppe Nicosia
245 0 _aMachine Learning, Optimization, and Data Science
250 _a1st ed. 2024
260 _aHeidelberg, Germany
_bSpringer Nature
_c2024
440 _aLecture Notes in Computer Science
650 _aComputer Science
700 _aEmanuele La Malfa
700 _aGabriele La Malfa
700 _aPanos M. Pardalos
700 _aRenato Umeton
700 _aVarun Ojha
856 _uhttps://link.springer.com/openurl?genre=book&isbn=978-3-031-53969-5
942 _cEB
_2ddc
999 _c56056
_d56056